000 00657nam a22002057a 4500
999 _c186326
_d186326
005 20220223120037.0
010 _aENG-131759
020 _a9788195267996
_c224.00
035 _aEN-115291
037 _bDBAD
082 _a005.73
100 _aPrasad, G. Shyam
245 _aData Structures using 'C'/
_cG. Syam Prasadm, Y. Suresh and R. Dilip
260 _aHyderabad
_bSevenHills International Publishers
_c2021
270 _a# 326/C, Level-4, Surnemi Nilayam, Near B K Guda Park, S R Nagar
_bHyderabad
_e500038
300 _aviii, 352p.
_c24cm(pbk)
700 _aSuresh, Y.
700 _aDilip, R.
942 _2ddc
_cEN
_h005.73
_mPRA